| 000 | 00999nam a22002897a 4500 | ||
|---|---|---|---|
| 001 | 7697 | ||
| 003 | FISKH | ||
| 005 | 20250731114622.0 | ||
| 008 | 250731b cb ||||| |||| 00| 0 eng d | ||
| 020 | _a9780439523486 | ||
| 040 |
_aFISKH _beng _cFISKH _dFISKH |
||
| 050 | _aPZ7.B32615 H | ||
| 082 | _a 813.54 | ||
| 100 |
_aBauer, Joan _d(1951-) |
||
| 245 |
_aHope was here / _cJoan Bauer |
||
| 250 | _aThis edition first published in 2003 | ||
| 260 |
_aNew York : _bScholastic, _c2000 |
||
| 300 |
_a186 pages : _c20 cm |
||
| 505 | _aR | ||
| 520 | _aWhen sixteen-year-old Hope and the aunt who has raised her move from Brooklyn to Mulhoney, Wisconsin, to work as waitress and cook in the Welcome Stairways diner, they become involved with the diner owner's political campaign to oust the town's corrupt mayor. | ||
| 521 | 8 |
_a710
_bLexile |
|
| 521 | 8 |
_aR
_bRaz-Plus |
|
| 650 |
_2Wisconsin _aWaitress |
||
| 650 |
_2Newbery Honor _aRestaurants |
||
| 942 |
_2ddc _cBK _n0 |
||
| 999 |
_c7697 _d7697 |
||